Countries that produce the most dates - Statistics

General Stats
  • This quiz has been taken 16 times
  • The average score is 13 of 15
Answer Stats
Hint Answer % Correct
11 Israel
100%
7 Saudi Arabia
100%
6 UAE
100%
1 India
92%
2 Iran
92%
10 Kuwait
92%
13 Oman
92%
3 Pakistan
92%
14 Qatar
92%
9 Yemen
92%
12 Bahrain
85%
8 China
85%
5 Egypt
85%
15 Morocco
85%
4 Turkiye
0%
No matching quizzes found
Score Distribution
Percent of People with Each Score
Percentile by Number Answered
Your Score History
You have not taken this quiz